000 00427nam a22001697a 4500
005 20180810143625.0
008 160614b xxu||||| |||| 00| 0 eng d
020 _a81-242-0169-2
041 _aeng
082 _b7359
_a658.3
100 _aSheal, Peter
_91862
245 _aTHE ART OF GOD : Staff Development (VOL-6)
260 _bKogen Pege India (p) ltd
_c2001
300 _a227p,
650 _aManagement
_9241
942 _cBK
999 _c2614
_d2613